00358nam a22001217a 450000500170000000800410001704100080005808200080006610000540007424500710012826000290019930000080022820240812105445.0240812b |||||||| |||| 00| 0 eng d aeng bSHE aShedage Neha-2K221053 & Dr. Sonali Parchure-Guide aAn Analysis of Risk Management in the Stock Market and Its Effects aPune bSPPU cMarch-2024 a50p